[Event "Manhattan Open"]
[Site "New York, NY"]
[Date "2011.08.17"]
[Round "1"]
[White "Gelashvili, Tamaz"]
[Black "Dominguez, Jose"]
[Result "0-1"]
[WhiteElo "2616"]
[BlackElo "2298"]
[EventDate "2011.08.17"]
[WhiteTitle "GM"]
[BlackTitle "-"]
[Source "MonRoi"]

1.e4 e5 2.Bc4 d6 3.d3 c6 4.Nc3 Nf6 5.f4 exf4 6.Bxf4 d5 7.exd5 cxd5 8.Bb5+ 
Nc6 9.Qe2+ Be7 10.O-O-O d4 11.Ne4 O-O 12.Nxf6+ Bxf6 13.Nf3 Nb4 14.Bc4 b5 
15.Bb3 a5 16.Bd2 Re8 17.Qf2 Be6 18.Bxe6 Rxe6 19.a3 Qd5 20.axb4 axb4 21.Bf4
Qc5 22.Nd2 Ra1+ 23.Nb1 Qa7 24.Rhe1 Qa2 25.Kd2 Qxb2 26.Rxe6 fxe6 27.Qe2 e5 
28.Bxe5 Bg5+ 29.Ke1 Rxb1 30.Rxb1 Qxb1+ 31.Kf2 Qc1 32.Bd6 Be3+ 33.Kg3 b3 
34.Qf3 Bf2+ 35.Kg4 h5+ 36.Kh3 Qe3 37.cxb3 Qe6+ 38.g4 hxg4+ 39.Qxg4 Qxd6 
40.Qc8+ Qf8 41.Qe6+ Qf7 42.Qc8+ Kh7 43.Kg2 Be3 0-1

[Event "Manhattan Open"]
[Site "New York, NY"]
[Date "2011.08.17"]
[Round "1"]
[White "Barrett, Steve"]
[Black "Fedorowicz, John"]
[Result "1/2-1/2"]
[WhiteElo "2236"]
[BlackElo "2454"]
[EventDate "2011.08.17"]
[WhiteTitle "-"]
[BlackTitle "GM"]
[Source "MonRoi"]

1.d4 Nf6 2.c4 g6 3.Nc3 d5 4.Nf3 Bg7 5.Bg5 Ne4 6.Bh4 Nxc3 7.bxc3 dxc4 8.
Qa4+ c6 9.Qxc4 b6 10.e3 Ba6 11.Qa4 Bxf1 12.Rxf1 O-O 13.Ke2 Qc7 14.Rfd1 Re8
15.Rac1 Nd7 16.Kf1 Qb7 17.Kg1 Rac8 18.c4 e5 19.c5 exd4 20.exd4 Nf8 21.d5 
b5 22.dxc6 Rxc6 23.Qb4 Ra6 24.Rb1 Rxa2 25.Qxb5 Qxb5 26.Rxb5 Rc2 27.Ra5 Ra8
28.h3 Rc4 29.Rd8 Rxd8 30.Bxd8 Ne6 1/2-1/2

[Event "Manhattan Open"]
[Site "New York, NY"]
[Date "2011.08.17"]
[Round "1"]
[White "Shahade, Greg"]
[Black "Zenyuk, Iryna"]
[Result "1-0"]
[WhiteElo "2446"]
[BlackElo "2222"]
[EventDate "2011.08.17"]
[WhiteTitle "IM"]
[BlackTitle "WIM"]
[Source "MonRoi"]

1.c4 g6 2.Nc3 Bg7 3.g3 e5 4.Bg2 d6 5.d3 f5 6.Nf3 Nf6 7.O-O O-O 8.Rb1 a5 9.
a3 h6 10.b4 axb4 11.axb4 g5 12.Bb2 g4 13.Nd2 Nc6 14.Nd5 Nxd5 15.Bxd5+ Kh8 
16.b5 Ne7 17.Bg2 Ng6 18.Ra1 Rb8 19.Ra7 f4 20.Qa4 h5 21.Ra8 Rxa8 22.Qxa8 b6
23.Bb7 Bxb7 24.Qxb7 h4 25.Ra1 fxg3 26.hxg3 Bh6 27.Ne4 hxg3 28.fxg3 Nf4 29.
gxf4 Qh4 30.Ra8 Qe1+ 31.Kg2 Qxe2+ 32.Nf2 Qf3+ 33.Qxf3 gxf3+ 34.Kxf3 Rxa8 
35.fxe5 Bg7 36.Ke4 Ra2 37.exd6 Bxb2 38.dxc7 Ra8 39.c5 bxc5 40.b6 Re8+ 41.
Kd5 Be5 42.Ne4 c4 1-0

[Event "Manhattan Open"]
[Site "New York, NY"]
[Date "2011.08.17"]
[Round "1"]
[White "Shvartsman, Andrew"]
[Black "Lapshun, Yury"]
[Result "0-1"]
[WhiteElo "2209"]
[BlackElo "2444"]
[EventDate "2011.08.17"]
[WhiteTitle "-"]
[BlackTitle "IM"]
[Source "MonRoi"]

1.e4 c5 2.Nf3 e6 3.d4 cxd4 4.Nxd4 Nf6 5.Nc3 Qb6 6.Nb3 Bb4 7.Bd3 Bxc3+ 8.
bxc3 d6 9.O-O Nbd7 10.c4 O-O 11.Kh1 e5 12.g4 Nc5 13.f3 Be6 14.Be3 Nfd7 15.
a4 a5 16.Qd2 Qc7 17.Qf2 b6 18.Nd2 Qc6 19.Nb1 Nxa4 20.Na3 Nb2 21.Qe2 Rfc8 
22.Rfb1 Nxc4 23.Nxc4 Bxc4 24.Bxc4 Qxc4 25.Qxc4 Rxc4 26.Bxb6 a4 27.Bg1 Rxc2
28.Rb7 Nf8 29.Ra3 Ng6 30.Rb4 h6 31.Rbxa4 Rxa4 32.Rxa4 Rc3 33.Ra6 Rxf3 34.
Rxd6 Rf4 35.h3 Rxe4 36.Kg2 Nf4+ 37.Kf3 Rc4 38.Rd8+ Kh7 39.h4 h5 40.gxh5 
Nxh5 41.Bf2 f5 42.Rf8 e4+ 43.Ke2 Rc2+ 0-1

[Event "Manhattan Open"]
[Site "New York, NY"]
[Date "2011.08.17"]
[Round "1"]
[White "Bartholomew, John"]
[Black "Tarifa, Alket"]
[Result "1-0"]
[WhiteElo "2442"]
[BlackElo "2206"]
[EventDate "2011.08.17"]
[WhiteTitle "IM"]
[BlackTitle "-"]
[Source "MonRoi"]

1.d4 d5 2.c4 c6 3.Nf3 Nf6 4.Nc3 g6 5.cxd5 Nxd5 6.e4 Nxc3 7.bxc3 Bg7 8.Be2 
O-O 9.O-O Nd7 10.Bg5 Re8 11.Rc1 Qc7 12.e5 Nf8 13.Qb3 Bg4 14.h3 Bxf3 15.
Bxf3 e6 16.Rb1 Rab8 17.Qa3 h6 18.Be3 b6 19.c4 Nd7 20.Qd6 Rec8 21.Rfd1 Bf8 
22.Qxc7 Rxc7 23.Bf4 g5 24.Bg3 Bg7 25.Re1 Rd8 26.d5 cxd5 27.cxd5 Nc5 28.d6 
Rcc8 29.Re3 f5 30.exf6 Bxf6 31.Bg4 Bd4 32.Bxe6+ Kg7 33.Be5+ Bxe5 34.Bxc8 
Bd4 35.Re7+ Kf6 36.Bg4 Rxd6 37.Rxa7 Ne4 38.Rf1 Bc5 39.Ra4 Nc3 40.Rc4 Nxa2 
41.Kh1 Nb4 42.f4 Nd3 43.fxg5+ Kxg5 44.g3 h5 45.h4+ Kh6 46.Be2 Ne5 47.Re4 
Nd7 48.Rd1 Rxd1+ 49.Bxd1 Nf6 50.Re6 Kg6 51.Bxh5+ Kf5 52.Bf7 b5 53.Re1 b4 
54.Kg2 Bd4 55.Kf3 Nh7 56.Bb3 Nf8 57.g4+ Kf6 58.g5+ 1-0

[Event "Manhattan Open"]
[Site "New York, NY"]
[Date "2011.08.17"]
[Round "1"]
[White "Kovalchuk, Igor"]
[Black "Gulamali, Kazim"]
[Result "1-0"]
[WhiteElo "2034"]
[BlackElo "2367"]
[EventDate "2011.08.17"]
[WhiteTitle "-"]
[BlackTitle "FM"]
[Source "MonRoi"]

1.e4 c5 2.Nc3 e6 3.f4 a6 4.Nf3 Nc6 5.d4 cxd4 6.Nxd4 Nxd4 7.Qxd4 Ne7 8.Be3 
Nc6 9.Qd2 d6 10.Na4 b5 11.Nb6 Rb8 12.Nxc8 Qxc8 13.Be2 Be7 14.O-O O-O 15.c4
bxc4 16.Bxc4 Na5 17.Bd3 Nc4 18.Bxc4 Qxc4 19.Rae1 Qxa2 20.Bd4 Rfc8 21.Re3 
Rb3 22.Bc3 Rb5 23.Rg3 f6 24.e5 fxe5 25.fxe5 d5 26.Qh6 Bc5+ 27.Kh1 g6 28.
Rxg6+ hxg6 29.Qxg6+ Kh8 30.Qh6+ Kg8 31.Qxe6+ Kg7 32.Rf7+ Kg8 33.Qg6+ 1-0

[Event "Manhattan Open"]
[Site "New York, NY"]
[Date "2011.08.18"]
[Round "2"]
[White "Kekelidze, Mikheil"]
[Black "Ostrovskiy, Aleksandr"]
[Result "1-0"]
[WhiteElo "2452"]
[BlackElo "2294"]
[EventDate "2011.08.17"]
[WhiteTitle "GM"]
[BlackTitle "FM"]
[Source "MonRoi"]

1.d4 d5 2.c4 c6 3.Nf3 Nf6 4.e3 Bf5 5.Nc3 e6 6.Bd3 Bxd3 7.Qxd3 Bb4 8.O-O 
Nbd7 9.a3 Be7 10.e4 dxe4 11.Nxe4 O-O 12.Bf4 Nxe4 13.Qxe4 Nf6 14.Qe2 Qb6 
15.Rad1 Rfd8 16.Rfe1 a5 17.Ne5 Re8 18.g4 Rad8 19.g5 Nd7 20.Nxf7 Kxf7 21.
Qxe6+ Kf8 22.Bd6 Bxd6 23.Qxd6+ Kg8 24.Rxe8+ Rxe8 25.Qxd7 Re2 26.Rd3 Qxb2 
27.Qc8+ Kf7 28.Rf3+ Ke7 29.Qf8+ Ke6 30.Qf7+ Kd6 31.c5# 1-0

[Event "Manhattan Open"]
[Site "New York, NY"]
[Date "2011.08.18"]
[Round "2"]
[White "Lapshun, Yury"]
[Black "Betaneli, Alex"]
[Result "1/2-1/2"]
[WhiteElo "2444"]
[BlackElo "2255"]
[EventDate "2011.08.17"]
[WhiteTitle "IM"]
[BlackTitle "FM"]
[Source "MonRoi"]

1.d4 d5 2.c4 e6 3.Nc3 Be7 4.Nf3 Nf6 5.Bg5 h6 6.Bxf6 Bxf6 7.cxd5 exd5 8.e3 
O-O 9.Be2 c6 10.O-O Bf5 11.b4 a6 12.a4 Nd7 13.a5 Be7 14.Qb3 Bd6 15.Na4 Qe7
16.Nc5 Nf6 17.Bd3 Bxd3 18.Qxd3 Ne4 19.Nd2 f5 20.f3 Qh4 21.f4 Nxd2 22.Qxd2 
Bxc5 23.bxc5 Rae8 24.Ra3 Rf7 25.g3 Qf6 26.Rb3 Ree7 27.Qd1 g6 28.Qf3 Qe6 
29.h3 Qe4 30.Qxe4 Rxe4 31.Kf2 Kg7 32.Rfb1 Ree7 33.Kf3 h5 34.R3b2 Kf6 35.
Rg2 Rg7 36.Rbg1 Rd7 37.g4 h4 38.Kf2 Rde7 39.gxf5 gxf5 40.Rg5 Rd7 41.Rh5 
Rxg1 42.Kxg1 Kg6 43.Rh8 Rh7 44.Rd8 Rf7 45.Kf2 Re7 46.Rd6+ Kg7 47.Kf3 Rf7 
48.Re6 Rf6 49.Rxf6 1/2-1/2

[Event "Manhattan Open"]
[Site "New York, NY"]
[Date "2011.08.18"]
[Round "2"]
[White "Schut, Han"]
[Black "Bartholomew, John"]
[Result "0-1"]
[WhiteElo "2142"]
[BlackElo "2442"]
[EventDate "2011.08.17"]
[WhiteTitle "-"]
[BlackTitle "IM"]
[Source "MonRoi"]

1.e4 c5 2.Nf3 e6 3.c4 a6 4.Nc3 Qc7 5.Be2 d6 6.d4 cxd4 7.Nxd4 Nf6 8.Be3 b6 
9.O-O Bb7 10.f3 Be7 11.Qd2 O-O 12.Rfd1 Nbd7 13.Rac1 Rac8 14.Bf1 Rfe8 15.
Qf2 Qb8 16.Kh1 Bd8 17.Qg1 Bc7 18.b4 h5 19.Nb3 h4 20.Bf2 h3 21.gxh3 Ne5 22.
Be2 d5 23.cxd5 exd5 24.exd5 Ng6 25.Bxb6 Bf4 26.Bc5 Nxd5 27.Ne4 Bxc1 28.Bc4
Be3 29.Qg4 Ne5 30.Qh5 Nxc4 31.Rxd5 Bxd5 32.Qxd5 Rcd8 0-1

[Event "Manhattan Open"]
[Site "New York, NY"]
[Date "2011.08.18"]
[Round "2"]
[White "Fedorowicz, John"]
[Black "Kovalchuk, Igor"]
[Result "1-0"]
[WhiteElo "2454"]
[BlackElo "2034"]
[EventDate "2011.08.17"]
[WhiteTitle "GM"]
[BlackTitle "-"]
[Source "MonRoi"]

1.d4 d5 2.c4 dxc4 3.Nf3 Nf6 4.Qa4+ Nc6 5.g3 Be6 6.Bg2 Qd7 7.Nc3 Nd5 8.Nxd5
Bxd5 9.Ne5 Nxe5 10.Qxd7+ Kxd7 11.Bxd5 c6 12.Bg2 Ng6 13.d5 e6 14.dxc6+ bxc6
15.Bd2 Rb8 16.O-O-O Bd6 17.Bc3 f6 18.Rd4 c5 19.Rxc4 Rb6 20.f4 Rhb8 21.Rd1 
Ke7 22.Ra4 a6 23.Be4 Nf8 24.Bd3 Ra8 25.e3 Nd7 26.Ba5 Rbb8 27.Bxh7 f5 28.
Bg6 Rh8 29.e4 Nf8 30.exf5 Rxh2 31.Re4 Rg2 32.Bc3 Rxg3 33.Bxg7 Nxg6 34.
Rxe6+ Kf7 35.Rexd6 Kxg7 36.fxg6 Rf8 37.Rxa6 Rxf4 38.Rd7+ Kh6 39.g7+ Kh7 
40.g8=Q+ Kxg8 41.Ra8+ Rf8 42.Rxf8+ Kxf8 43.Rd5 c4 44.Kc2 Ke7 45.Rd4 1-0

[Event "Manhattan Open"]
[Site "New York, NY"]
[Date "2011.08.18"]
[Round "2"]
[White "Markzon, Gregory"]
[Black "Jiang, Louie"]
[Result "1/2-1/2"]
[WhiteElo "2241"]
[BlackElo "2348"]
[EventDate "2011.08.17"]
[WhiteTitle "FM"]
[BlackTitle "FM"]
[Source "MonRoi"]

1.d4 Nf6 2.c4 e6 3.Nc3 Bb4 4.a3 Bxc3+ 5.bxc3 c5 6.e3 Nc6 7.Bd3 O-O 8.Ne2 
b6 9.e4 Ne8 10.Ng3 d6 11.O-O Ba6 12.f4 cxd4 13.cxd4 Rc8 14.f5 Nxd4 15.f6 
Bxc4 16.Bxc4 Rxc4 17.Bg5 Nc2 18.fxg7 Qxg5 19.gxf8=Q+ Kxf8 20.Rc1 Qc5+ 21.
Rf2 Nxa3 22.Ra1 Nb5 23.Qf3 f6 24.Rf1 Rc2 25.Qf4 a5 26.e5 Rxf2 27.Rxf2 Qxe5
28.Qh6+ Ke7 29.Qxh7+ Kd8 30.Qd3 Nc3 31.h4 f5 32.Qf3 Nf6 33.h5 Ng4 34.h6 
Qe1+ 35.Rf1 Qxg3 36.Qa8+ Ke7 37.Qb7+ Ke8 38.Qc8+ Ke7 39.Qc7+ Ke8 40.Qc8+ 
Ke7 41.Qc7+ Ke8 1/2-1/2

[Event "Manhattan Open"]
[Site "New York, NY"]
[Date "2011.08.18"]
[Round "2"]
[White "Getz, Alec"]
[Black "Frumkin, Edward"]
[Result "1-0"]
[WhiteElo "2313"]
[BlackElo "1958"]
[EventDate "2011.08.17"]
[WhiteTitle "FM"]
[BlackTitle "-"]
[Source "MonRoi"]

1.e4 d6 2.d4 Nf6 3.Nc3 g6 4.g3 Bg7 5.Bg2 O-O 6.Nge2 e5 7.O-O Nc6 8.d5 Ne7 
9.f4 exf4 10.gxf4 Nd7 11.Be3 a5 12.Bd4 f6 13.Ng3 c5 14.dxc6 bxc6 15.Qd2 
Qc7 16.Rad1 Ba6 17.Rfe1 Rfd8 18.Kh1 Bc4 19.Be3 Bf7 20.Qxd6 1-0

[Event "Manhattan Open"]
[Site "New York, NY"]
[Date "2011.08.18"]
[Round "2"]
[White "Itkin, David"]
[Black "Gelashvili, Tamaz"]
[Result "0-1"]
[WhiteElo "2025"]
[BlackElo "2616"]
[EventDate "2011.08.17"]
[WhiteTitle "-"]
[BlackTitle "GM"]
[Source "MonRoi"]

1.e4 e5 2.Nf3 d6 3.d4 exd4 4.Nxd4 Nf6 5.Nc3 Be7 6.Bc4 O-O 7.O-O c6 8.f3 b5
9.Bb3 a6 10.Nde2 Nbd7 11.Be3 Nc5 12.Qd2 Qc7 13.Rfd1 Rd8 14.Qe1 Nxb3 15.
axb3 b4 16.Na4 c5 17.e5 dxe5 18.Rxd8+ Bxd8 19.Bxc5 Nd5 20.c4 bxc3 21.bxc3 
Bd7 22.b4 Bb5 23.Nb2 Nb6 24.Ng3 Be7 25.Ne4 Bxc5+ 26.Nxc5 a5 27.Kh1 a4 28.
Ra3 h5 29.h3 Qd6 30.c4 Bc6 31.Qc3 Re8 32.Nbd3 f5 33.b5 Ba8 34.Nxa4 e4 35.
fxe4 fxe4 36.Ne1 Nxa4 37.Rxa4 Rf8 38.Kg1 Qc5+ 39.Kh2 Bb7 40.Nc2 Rf1 41.Ra1
Qg1+ 42.Kg3 Qf2+ 43.Kh2 e3 44.Nxe3 Qf4+ 0-1

[Event "Manhattan Open"]
[Site "New York, NY"]
[Date "2011.08.18"]
[Round "2"]
[White "Zenyuk, Iryna"]
[Black "Sarkar, Justin"]
[Result "1/2-1/2"]
[WhiteElo "2222"]
[BlackElo "2376"]
[EventDate "2011.08.17"]
[WhiteTitle "WIM"]
[BlackTitle "IM"]
[Source "MonRoi"]

1.d4 d5 2.c4 c6 3.Nc3 e6 4.Qc2 dxc4 5.e3 b5 6.a4 Qb6 7.axb5 cxb5 8.b3 cxb3
9.Qxb3 b4 10.Na4 Qd8 11.Nf3 Nf6 12.Ne5 a5 13.Bb5+ Bd7 14.Nxd7 Nbxd7 15.O-O
Be7 16.e4 O-O 17.Bf4 Nxe4 18.Bc6 Nef6 19.Bxa8 Qxa8 20.Rfc1 Nd5 21.Be3 Rb8 
22.Rc2 g6 23.h3 Qa6 24.Rac1 Kg7 25.Nc5 Nxc5 26.dxc5 Bf6 27.c6 a4 28.Qc4 
Qxc4 29.Rxc4 a3 30.c7 Rc8 31.Bd4 Bxd4 32.Rxd4 b3 33.Ra4 b2 34.Rf1 Nc3 35.
Rxa3 Ne2+ 36.Kh2 Nc1 37.Rc3 b1=Q 38.Rfxc1 Qb6 39.R1c2 Qd6+ 40.Kg1 Kf6 41.
g3 Ke7 42.Rc6 Qd1+ 43.Kh2 h5 44.h4 Kd7 45.R6c3 e5 46.Kg2 Qd6 47.Kf3 Rxc7 
48.Rxc7+ Qxc7 49.Rxc7+ Kxc7 50.Ke4 Kd6 51.Ke3 Kd5 52.Kd3 e4+ 53.Ke3 Ke5 
54.Ke2 Kd4 55.Kd2 f6 56.Ke2 g5 57.g4 Ke5 58.gxh5 Kf5 59.h6 Kg6 60.hxg5 
fxg5 61.Ke3 Kxh6 62.Kxe4 Kh5 1/2-1/2

[Event "Manhattan Open"]
[Site "New York, NY"]
[Date "2011.08.18"]
[Round "2"]
[White "Gulamali, Kazim"]
[Black "Wang, Kevin"]
[Result "0-1"]
[WhiteElo "2367"]
[BlackElo "2192"]
[EventDate "2011.08.17"]
[WhiteTitle "FM"]
[BlackTitle "-"]
[Source "MonRoi"]

1.e4 c5 2.Nf3 e6 3.d4 cxd4 4.Nxd4 a6 5.Bd3 Bc5 6.Nb3 Ba7 7.Qe2 Nc6 8.Be3 
d6 9.N1d2 Nge7 10.f4 O-O 11.O-O e5 12.f5 f6 13.c4 a5 14.Nf3 a4 15.Nbd2 a3 
16.b3 Bd7 17.Rfd1 Be8 18.g4 Bc5 19.Nf1 Bf7 20.Rd2 Qb6 21.Qf2 Kh8 22.Rad1 
Qb4 23.Be2 Rad8 24.Rd3 Qa5 25.Bxc5 dxc5 26.Rd7 Qb6 27.R1d6 Rxd7 28.Rxd7 
Rd8 29.Rxd8+ Nxd8 30.g5 Qd6 31.gxf6 gxf6 32.Ne3 Bh5 33.Nc2 Nf7 34.h4 Qc7 
35.Nfe1 Bxe2 36.Qxe2 Nd6 37.Nd3 Nc6 38.Qg2 Qa5 39.h5 Nf7 40.Qf2 b6 41.Qe3 
Qc3 42.Nde1 Qb2 43.h6 Nd4 44.Nxd4 cxd4 45.Qd3 Nxh6 46.c5 bxc5 47.Qa6 Kg7 
48.Nd3 Qb1+ 49.Kg2 Qxa2+ 50.Kg3 Qxb3 51.Kh4 Qd1 52.Qa7+ Nf7 53.Nxc5 h5 54.
Kh3 Qh1+ 55.Kg3 Qg1+ 56.Kh3 Kg8 57.Qa8+ Kh7 58.Qa7 Qg8 59.Ne6 Kh6 60.Qxa3 
Ng5+ 61.Nxg5 Qxg5 62.Qf8+ Qg7 63.Qd8 Qg4+ 64.Kh2 Kg5 65.Qg8+ Kf4 66.Qg6 
Qh4+ 67.Kg2 Kxe4 0-1

[Event "Manhattan Open"]
[Site "New York, NY"]
[Date "2011.08.18"]
[Round "2"]
[White "Helfst, Matt"]
[Black "Gisclan, Heverton"]
[Result "0-1"]
[WhiteElo "1971"]
[BlackElo "2279"]
[EventDate "2011.08.17"]
[WhiteTitle "-"]
[BlackTitle "-"]
[Source "MonRoi"]

1.c4 e5 2.Nc3 Nf6 3.g3 g6 4.Bg2 Bg7 5.Nf3 Nc6 6.O-O O-O 7.d4 d6 8.d5 Ne7 
9.Qc2 Bd7 10.e4 Qc8 11.Ne1 c6 12.Nd3 cxd5 13.cxd5 Bb5 14.Rd1 Nd7 15.Be3 f5
16.f3 Nf6 17.Nf2 Ba6 18.Qd2 Rf7 19.f4 Nh5 20.exf5 Nxf5 21.Bh3 exf4 22.gxf4
Qf8 23.Bxf5 Rxf5 24.Nh3 Re8 25.Ng5 Nxf4 26.Nce4 h6 27.Ne6 Nxe6 28.dxe6 
Rxe6 29.Nxd6 Rxd6 30.Qxd6 Rf1+ 0-1

[Event "Manhattan Open"]
[Site "New York, NY"]
[Date "2011.08.18"]
[Round "2"]
[White "Adu, Oladapo"]
[Black "Atanasiu, Nicolae"]
[Result "1-0"]
[WhiteElo "2276"]
[BlackElo "2007"]
[EventDate "2011.08.17"]
[WhiteTitle "IM"]
[BlackTitle "-"]
[Source "MonRoi"]

1.e4 b6 2.d4 Bb7 3.Nc3 e6 4.a3 Nf6 5.Bd3 c5 6.dxc5 Bxc5 7.Nf3 Nc6 8.Bg5 
Be7 9.e5 Ng4 10.Bf4 d6 11.exd6 Bxd6 12.Qd2 e5 13.Bg3 O-O 14.O-O-O Nd4 15.
Be4 Bxe4 16.Nxe4 Bc5 17.Nxe5 Nxe5 18.Bxe5 Nc6 19.Qf4 Qc8 20.Nf6+ gxf6 21.
Bxf6 1-0

[Event "Manhattan Open"]
[Site "New York, NY"]
[Date "2011.08.18"]
[Round "3"]
[White "Bartholomew, John"]
[Black "Stripunsky, Alexander"]
[Result "0-1"]
[WhiteElo "2442"]
[BlackElo "2568"]
[EventDate "2011.08.17"]
[WhiteTitle "IM"]
[BlackTitle "GM"]
[Source "MonRoi"]

1.d4 d5 2.c4 c6 3.Nf3 Nf6 4.e3 Bf5 5.Nc3 e6 6.Nh4 Be4 7.f3 Bg6 8.Qb3 Qc7 
9.Bd2 Be7 10.Nxg6 hxg6 11.O-O-O dxc4 12.Bxc4 a6 13.Be2 b5 14.f4 Nbd7 15.
Qc2 c5 16.Bf3 Rd8 17.d5 exd5 18.Nxd5 Nxd5 19.Bxd5 Nf6 20.Bf3 c4 21.Kb1 O-O
22.Bc3 Qb6 23.e4 b4 24.Be5 c3 25.bxc3 Nd7 26.Bd4 Nc5 27.Qb2 Rxd4 28.cxd4 
Na4 29.Qb3 Nc3+ 30.Kb2 Rc8 31.Rd2 a5 32.Rc1 a4 33.Qc2 b3 34.axb3 Qa5 35.
Ra1 a3+ 36.Kc1 Rc7 37.b4 Bxb4 38.Qd3 Nxe4+ 39.Rc2 Bd2+ 40.Kb1 Qb4+ 0-1

[Event "Manhattan Open"]
[Site "New York, NY"]
[Date "2011.08.18"]
[Round "3"]
[White "Kudrin, Sergey"]
[Black "Bonin, Jay"]
[Result "1-0"]
[WhiteElo "2547"]
[BlackElo "2323"]
[EventDate "2011.08.17"]
[WhiteTitle "GM"]
[BlackTitle "IM"]
[Source "MonRoi"]

1.e4 c5 2.Nf3 Nc6 3.d4 cxd4 4.Nxd4 e5 5.Nb5 d6 6.Be3 Be6 7.Nd2 Nf6 8.Bg5 
Rc8 9.Bxf6 Qxf6 10.Nc4 Bxc4 11.Bxc4 Qg6 12.O-O Qxe4 13.Bb3 a6 14.Nxd6+ 
Bxd6 15.Qxd6 Qb4 16.Qxb4 Nxb4 17.f4 O-O 18.fxe5 Nxc2 19.Rac1 Nd4 20.Rxc8 
Rxc8 21.Bxf7+ Kh8 22.Bd5 g6 23.Bxb7 Rc2 24.Bxa6 Rxb2 25.Bc4 Nf5 26.e6 Kg7 
27.Rxf5 1-0

[Event "Manhattan Open"]
[Site "New York, NY"]
[Date "2011.08.18"]
[Round "3"]
[White "Milman, Lev"]
[Black "Getz, Alec"]
[Result "0-1"]
[WhiteElo "2462"]
[BlackElo "2313"]
[EventDate "2011.08.17"]
[WhiteTitle "IM"]
[BlackTitle "FM"]
[Source "MonRoi"]

1.e4 e5 2.Nf3 Nc6 3.Bb5 a6 4.Ba4 Nf6 5.O-O Be7 6.Re1 b5 7.Bb3 d6 8.c3 O-O 
9.h3 Nb8 10.d4 Nbd7 11.c4 c6 12.Qc2 Bb7 13.Nbd2 Rc8 14.dxe5 Nxe5 15.Nxe5 
dxe5 16.Nf1 Nd7 17.Ng3 g6 18.Bh6 Re8 19.Rad1 Rc7 20.c5 Bg5 21.Bxf7+ Kxf7 
22.Qb3+ Re6 23.Rd6 Nxc5 24.Rxd8 Nxb3 25.Bxg5 Nd4 26.f4 Re8 27.fxe5 Rxd8 
28.Bxd8 Rd7 29.Bf6 c5 30.Rf1 Ke6 31.Bh8 Rf7 32.Rc1 c4 33.Rd1 Rd7 34.Kf2 
Nc6 35.Rxd7 Kxd7 36.Ne2 Nb4 37.Ke3 Nxa2 38.Nf4 Nb4 39.Bf6 Nc2+ 40.Kf3 Nd4+
41.Ke3 Nc2+ 42.Kf3 b4 43.e6+ Kd6 44.e7 Bc6 45.Ke2 a5 46.Kd2 Na1 47.h4 Nb3+
48.Ke3 Kd7 49.g4 a4 50.h5 gxh5 51.Nxh5 Ke6 52.g5 a3 53.bxa3 bxa3 54.Ng7+ 
Kf7 55.e5 Nc5 56.e6+ Nxe6 57.Nxe6 Kxe6 58.Bc3 Kd5 59.Bg7 a2 60.Bc3 Be8 61.
Bf6 Ke6 62.Kf4 h5 63.Ke4 Bg6+ 64.Kf4 0-1

[Event "Manhattan Open"]
[Site "New York, NY"]
[Date "2011.08.18"]
[Round "3"]
[White "Betaneli, Alex"]
[Black "Fedorowicz, John"]
[Result "0-1"]
[WhiteElo "2255"]
[BlackElo "2454"]
[EventDate "2011.08.17"]
[WhiteTitle "FM"]
[BlackTitle "GM"]
[Source "MonRoi"]

1.e4 c5 2.b3 b6 3.Bb2 Bb7 4.Nc3 e6 5.Qf3 Nf6 6.O-O-O d6 7.Re1 Nbd7 8.Qg3 
a6 9.f4 g6 10.f5 gxf5 11.exf5 e5 12.Nf3 Be7 13.Qh3 h5 14.Ng5 d5 15.Nd1 Qc7
16.c4 Ng4 17.Be2 Bxg5 18.Bxg4 O-O-O 19.Bf3 e4 20.Bxh8 Rxh8 21.Be2 d4 22.
Rhf1 d3 23.Bxd3 exd3 24.Qxd3 Qxh2 25.Ne3 Qe5 26.Nd5 Qa1+ 27.Qb1 Qd4 28.Qb2
Qxb2+ 29.Kxb2 Bxd5 30.cxd5 Bf6+ 31.Kc2 Kc7 32.Rh1 Kd6 33.g3 Be5 34.Rh3 Nf6
35.d3 Rg8 36.Re3 Rg5 0-1

[Event "Manhattan Open"]
[Site "New York, NY"]
[Date "2011.08.18"]
[Round "3"]
[White "Korley, Kassa"]
[Black "Lapshun, Yury"]
[Result "0-1"]
[WhiteElo "2326"]
[BlackElo "2444"]
[EventDate "2011.08.17"]
[WhiteTitle "-"]
[BlackTitle "IM"]
[Source "MonRoi"]

1.Nf3 c5 2.c4 Nc6 3.Nc3 Nf6 4.g3 g6 5.Bg2 Bg7 6.O-O O-O 7.d4 cxd4 8.Nxd4 
Nxd4 9.Qxd4 d6 10.Qd3 Bf5 11.e4 Be6 12.b3 a6 13.Be3 Nd7 14.Bd4 Bxd4 15.
Qxd4 Qa5 16.f4 f6 17.Rac1 Rac8 18.f5 Bf7 19.fxg6 hxg6 20.Bh3 Rfd8 21.Bxd7 
Rxd7 22.Rf2 Qg5 23.Rcf1 b5 24.cxb5 axb5 25.Nd5 Bxd5 26.exd5 Rc5 27.Qe4 Kg7
28.Rd1 Rdc7 29.Re2 Qh5 30.Kg2 e5 31.Rdd2 f5 32.Qd3 Rc3 0-1

[Event "Manhattan Open"]
[Site "New York, NY"]
[Date "2011.08.18"]
[Round "3"]
[White "Gelashvili, Tamaz"]
[Black "Pressman, Leif"]
[Result "1-0"]
[WhiteElo "2616"]
[BlackElo "2280"]
[EventDate "2011.08.17"]
[WhiteTitle "GM"]
[BlackTitle "-"]
[Source "MonRoi"]

1.e4 e5 2.Bc4 Nf6 3.d3 Nc6 4.Nf3 Be7 5.Nbd2 d6 6.c3 O-O 7.Bb3 a6 8.Nf1 d5 
9.Qe2 Bc5 10.Ng3 Be6 11.O-O dxe4 12.dxe4 Qe7 13.Bc2 Rfe8 14.Bg5 h6 15.Bh4 
Bg4 16.h3 Be6 17.Nh5 g5 18.Nxg5 Nxh5 19.Nxe6 Qxh4 20.Nxc5 b6 21.Nb3 Re6 
22.Qg4+ Qxg4 23.hxg4 Nf4 24.g3 Ng6 25.Rad1 Nf8 26.f3 Kg7 27.Kf2 Rd8 28.
Rxd8 Nxd8 29.Nd2 Nc6 30.Nc4 Ne7 31.Ke2 b5 32.Ne3 Rd6 33.a4 Ne6 34.axb5 
axb5 35.Ra1 b4 36.Nc4 bxc3 37.Nxd6 Nd4+ 38.Kd3 cxd6 39.Kxc3 Nxf3 40.b4 Nd4
41.Bd3 d5 42.Ra5 dxe4 43.Bxe4 Kf6 44.b5 Ke6 45.b6 Nec6 46.Bxc6 Nxc6 47.b7 
1-0

[Event "Manhattan Open"]
[Site "New York, NY"]
[Date "2011.08.18"]
[Round "3"]
[White "Gisclan, Heverton"]
[Black "Kacheishvili, Giorgi"]
[Result "0-1"]
[WhiteElo "2279"]
[BlackElo "2582"]
[EventDate "2011.08.17"]
[WhiteTitle "-"]
[BlackTitle "GM"]
[Source "MonRoi"]

1.e4 c6 2.d4 d5 3.Nc3 dxe4 4.Nxe4 Bf5 5.Ng3 Bg6 6.h4 h6 7.Nf3 Nd7 8.h5 Bh7
9.Bd3 Bxd3 10.Qxd3 e6 11.Bf4 Ngf6 12.O-O-O Be7 13.Ne4 Nxe4 14.Qxe4 Nf6 15.
Qe2 Qd5 16.Kb1 Nxh5 17.Bh2 Nf6 18.Rhe1 Ng4 19.Bg3 O-O-O 20.Nd2 h5 21.f3 
Nh6 22.Ne4 Nf5 23.Bf2 h4 24.c4 Qa5 25.Rd3 Rd7 26.Red1 Rhd8 27.Qc2 Kb8 28.
c5 Qc7 29.Qa4 e5 30.d5 Rxd5 31.Rxd5 Rxd5 32.Rxd5 cxd5 33.Nd6 Nxd6 34.cxd6 
Qxd6 35.Bxa7+ Kc7 36.Be3 Qc6 37.Qa5+ Kd7 38.Bd2 Ke6 39.a4 d4 40.Qa8 h3 41.
Qh8 hxg2 42.Qh3+ Kd5 0-1

[Event "Manhattan Open"]
[Site "New York, NY"]
[Date "2011.08.18"]
[Round "3"]
[White "Ostrovskiy, Aleksandr"]
[Black "Hughes, John"]
[Result "1-0"]
[WhiteElo "2294"]
[BlackElo "2049"]
[EventDate "2011.08.17"]
[WhiteTitle "FM"]
[BlackTitle "-"]
[Source "MonRoi"]

1.e4 c5 2.Nf3 Nc6 3.d4 cxd4 4.Nxd4 e5 5.Nb5 d6 6.N1c3 a6 7.Na3 b5 8.Nd5 
Nge7 9.c4 Nd4 10.Be3 Nxd5 11.cxd5 Be7 12.Bd3 O-O 13.O-O Bb7 14.Bxd4 exd4 
15.Nc2 Qb6 16.a4 f5 17.exf5 Bxd5 18.f6 Rxf6 19.Qh5 Qb7 20.Qxh7+ Kf7 21.
Qh5+ Kf8 22.Qg4 Rh6 23.axb5 axb5 24.Rxa8+ Qxa8 25.Nxd4 Bf6 26.Rc1 Qb7 27.
Rc8+ Kf7 28.Nf5 1-0

[Event "Manhattan Open"]
[Site "New York, NY"]
[Date "2011.08.18"]
[Round "3"]
[White "Frumkin, Edward"]
[Black "Zenyuk, Iryna"]
[Result "0-1"]
[WhiteElo "1958"]
[BlackElo "2222"]
[EventDate "2011.08.17"]
[WhiteTitle "-"]
[BlackTitle "WIM"]
[Source "MonRoi"]

1.g3 g6 2.Bg2 Bg7 3.c4 d6 4.Nc3 e5 5.e4 Nc6 6.Nge2 Nf6 7.O-O O-O 8.f4 a6 
9.a4 Nb4 10.d3 a5 11.h3 Nd7 12.Be3 Nc5 13.Nc1 Ne6 14.f5 Nd4 15.Rb1 c6 16.
g4 Ndc2 17.Bf2 Bh6 18.Qf3 Nd4 19.Bxd4 exd4 20.Nd1 gxf5 21.gxf5 Kh8 22.Ne2 
Rg8 23.Kh1 Qf6 24.Nf2 Be3 25.Ng4 Rxg4 26.Qxg4 Nxd3 27.Ng3 Nf2+ 28.Rxf2 
Bxf2 29.Nh5 Qh6 30.Rf1 Be3 31.h4 Bd7 32.Bf3 Rg8 33.Qh3 f6 34.Bd1 Be8 35.
Ng3 Qg7 36.Nh5 Qh6 37.Ng3 d3 38.Rf3 d2 39.Nf1 Bf4 40.Rd3 Qg7 0-1

[Event "Manhattan Open"]
[Site "New York, NY"]
[Date "2011.08.18"]
[Round "3"]
[White "Mercere, Edu"]
[Black "Gulamali, Kazim"]
[Result "0-1"]
[WhiteElo "1839"]
[BlackElo "2367"]
[EventDate "2011.08.17"]
[WhiteTitle "-"]
[BlackTitle "FM"]
[Source "MonRoi"]

1.e4 c5 2.Nf3 d6 3.d4 cxd4 4.Qxd4 a6 5.c4 Nc6 6.Qd2 g6 7.b3 Bh6 8.Qc3 Qa5 
9.Qxa5 Nxa5 10.Bxh6 Nxh6 11.Nd4 Nc6 12.Nxc6 bxc6 13.Bd3 f5 14.exf5 gxf5 
15.Nc3 e5 16.O-O-O Be6 17.Rhe1 Nf7 18.g3 Ke7 19.Bf1 h5 20.h4 a5 21.Bg2 
Rac8 22.Bh3 d5 23.cxd5 cxd5 24.Kb2 d4 25.Na4 Rhd8 26.Rd2 e4 27.Rc1 Rxc1 
28.Kxc1 Ne5 29.Nb2 d3 30.Bg2 Nc6 31.Nd1 Nb4 32.Ne3 Kf6 33.Bh3 f4 0-1